| 000 | 03138nam a22002657a 4500 | ||
|---|---|---|---|
| 001 | 216218906 | ||
| 003 | UA-OsUOA | ||
| 005 | 20210103162603.0 | ||
| 008 | 200722b un ||||| m||| 00| 0 ukr d | ||
| 040 |
_aUA-OsUOA _bukr _cUA-OsUOA _dUA-OsUOA |
||
| 041 | _aukr | ||
| 080 | _a821.161.2.09."19" | ||
| 090 | _a821.161.2.09."19" | ||
| 095 |
_a10.01.01 _bукраїнська література |
||
| 100 | _aСмерек О. С. | ||
| 245 |
_aХудожньо-філософські шукання в романістиці Емми Андієвської _cСмерек Оксана Степанівна ; наук. керівник Нахлік Євген Казимирович |
||
| 260 |
_aЛьвів _c2004 |
||
| 300 | _a20 с. | ||
| 502 |
_6Автореферат дисертації на здобуття наукового ступеня кандидата філологічних наук
_cЛьвівський національний університет імені Івана Франка _d2004 |
||
| 520 | _aУ дисертації здійснено комплексний ідейно-тематичний аналіз романістики Емми Андієвської з погляду міфоцентризму та романної умовності (“Герострати”, “Роман про добру людину”, “Роман про людське призначення”). Актуальність пропонованої теми зумовлена необхідністю розкрити природу творчого феномену письменниці в найбільш цікавих іпостасях її таланту. За допомогою архетипного і текстуально-аналітичного методів дослідження осмислено особливості міфоцентричного світу авторки, окреслено риси індивідуального авторського міфу, здійснено поділ міфологічних мотивів за кількома критеріями. Проаналізовано специфіку романної умовності й формально-змістові засоби її вираження, розкрито філософський зміст романів, екзистенційну проблематику, визначено роль біблійної топіки; осмислено ігровий характер романів, з’ясовано роль гри й іронії в розбудові художньої дійсності. Відзначено прикметні особливості сюрреалістичного письма Андієвської, охарактеризовано оніричну поетику, її види. | ||
| 650 |
_2UDC _a821.161.2 Українська література |
||
| 942 |
_2udc _cAR |
||
| 955 | _a1 | ||
| 999 |
_c460826 _d460826 |
||